Organisational behaviour / (Record no. 143576)

MARC details
000 -LEADER
fixed length control field 00645nam a22002057a 4500
005 - DATE AND TIME OF LATEST TRANSACTION
control field 20170819134834.0
010 ## - LCCN (DPL NO)
LC control number B-78845
020 ## - INTERNATIONAL STANDARD BOOK NUMBER
International Standard Book Number 817014888X
Terms of availability 160.00
035 ## - SYSTEM CONTROL NUMBER
System control number B-78845
037 ## - SOURCE OF ACQUISITION
Source of stock number/acquisition CL/Pub.
082 14 - DEWEY DECIMAL CLASSIFICATION NUMBER
Classification number 658.1
100 1# - MAIN ENTRY--PERSONAL NAME
Personal name Prasad, L.M.
245 1# - TITLE STATEMENT
Title Organisational behaviour /
Statement of responsibility, etc by L. M. Prasad
250 ## - EDITION STATEMENT
Edition statement 3rd throughly rev. & enlarged ed
260 ## - PUBLICATION, DISTRIBUTION, ETC. (IMPRINT)
Place of publication, distribution, etc New Delhi
Name of publisher, distributor, etc Sultan Chand
Date of publication, distribution, etc 2003(repr.)
270 ## - ADDRESS
Address 23, Daryaganj
City New Delhi
Postal code 110 002
Telephone number 011-23243183, 011- 23247051, 011-23266105
Fax number 011-23266357
300 ## - PHYSICAL DESCRIPTION
Extent xvi,672p.
Other physical details 24cm(pbk)
500 ## - GENERAL NOTE
General note Includes index
942 ## - ADDED ENTRY ELEMENTS (KOHA)
Institution code [OBSOLETE] dpl
Item type English Books
Source of classification or shelving scheme Dewey Decimal Classification
Classification part 658.1
Call number suffix PRA
Holdings
Withdrawn status Lost status Not for loan Collection code Home library Current library Date acquired Cost, normal purchase price Full call number Barcode Copy number Cost, replacement price Koha item type
      Non-fiction Central Library Central Library 19/08/2017 160.00 658.1 PRA B-78845 1 160.00 English Books

© Delhi Public Library
Hit Counter
free hit counter